Trio Clavio /

Korporativní autor: Trio Clavio
Další autoři: Stravinsky, Igor, 1882-1971., Bartók, Béla, 1881-1945., Schönfeld, Paul, 1947-, Schönfeld, Paul, 1947-, Brunner, Martin, 1983-, Filas, Juraj, 1955-2021., Bodorová, Sylvie, 1954-
Jazyk: Nelze použít, není lingvistický obsah
Vydáno: Prague : ArcoDiva, [2018]
Témata:
Fyzický popis: 2 CD audio (100:29) ; 12 cm
Zvukové nahrávky
Uloženo v:
LEADER 03136njm a2200697 i 4500
001 001645929
003 CZ BrMZK
005 20220518123711.0
007 sd fsngnnmmned
008 180906p20182017xr munng fh n zxx
015 |a cnb003002210 
024 3 |a 8594029812048 
028 0 1 |a UP 0204  |b ArcoDiva  |q komplet 
028 0 3 |a UP 0204-2 131  |b ArcoDiva 
028 0 3 |a UP 0204-2 132  |b ArcoDiva 
040 |a BOA001  |b cze  |e rda 
041 0 |g cze  |g eng 
045 |a x-y- 
047 |a su  |a sg  |a zz 
048 |a wc01  |a sa01  |a ka01 
072 7 |a 786/789  |x Hudba pro jednotlivé nástroje  |2 Konspekt  |9 9 
080 |a 785.7  |2 MRF 
080 |a 785.73  |2 MRF 
080 |a 78.083.1  |2 MRF 
080 |a 784.3/.7  |2 MRF 
080 |a (086.76)  |2 MRF 
245 0 0 |a Trio Clavio /  |c Stravinský, Bartók, Schoenfield, Hurník, Brunner, Filas, Bodorová 
264 1 |a Prague :  |b ArcoDiva,  |c [2018] 
264 4 |c ℗2018 
300 |a 2 CD audio (100:29) ;  |c 12 cm 
306 |a 014029 
336 |a hraná hudba  |b prm  |2 rdacontent 
337 |a audio  |b s  |2 rdamedia 
338 |a audiodisk  |b sd  |2 rdacarrier 
344 |a digital  |b optical  |g stereo  |2 rda 
347 |a audio soubor  |b CD audio  |2 rda 
382 1 |a klarinet  |n 1  |a housle  |n 1  |a klavír  |n 1  |s 3 
500 |a Název z disku 
500 |a Technika záznamu DDD 
500 |a Informace o interpretkách a hudbě česky a anglicky (18 stran) v pouzdru 
505 0 |a Suite from L'Histoire du soldat / Igor Stravinsky (14:59) -- Contrasts / Béla Bartók (16:35) -- Trio for clarinet, violin & piano / Paul Schoenfield (19:28) -- Alphabet / Lukáš Hurník (10:25) -- Like children / Martin Brunner (10:13) -- "Chiaroscuro" trio-sonata for violin, clarinet and piano / Juraj Filas (17:05) -- Vallja e malit "Dancing mountain" / Sylvie Bodorová (11:20) 
511 1 |a Trio Clavio (Jana Černohouzová, klarinet ; Lucia Fulka Kopsová, housle ; Lucie Soutorová Valčová, klavír) 
518 |o Nahráno  |d 2017  |p Sál Bohuslava Martinů, Praha 
648 7 |a 20.-21. století  |7 ch462155  |2 czenas 
650 0 7 |a komorní hudba  |7 ph121752  |y 20.-21. století  |2 czenas 
650 0 7 |a tria  |7 ph254875  |2 czenas 
650 0 7 |a suity  |7 ph321701  |2 czenas 
650 0 7 |a písně  |7 ph115979  |2 czenas 
655 7 |a kompaktní disky  |7 fd201991  |2 czenas 
700 1 2 |i Obsahuje (vyjádření):  |a Stravinsky, Igor,  |d 1882-1971.  |t Histoire du soldat.  |k Výběr;  |o aranžmá  |7 aun2011623157 
700 1 2 |i Obsahuje (dílo):  |a Bartók, Béla,  |d 1881-1945.  |t Contrasts  |7 aun2008478334 
700 1 2 |i Obsahuje (dílo):  |a Schönfeld, Paul,  |d 1947-  |t Tria,  |m klarinet, housle, klavír 
700 1 2 |i Obsahuje (dílo):  |a Schönfeld, Paul,  |d 1947-  |t Tria,  |m klarinet, housle, klavír 
700 1 2 |i Obsahuje (dílo):  |a Brunner, Martin,  |d 1983-  |t Like children 
700 1 2 |i Obsahuje (dílo):  |a Filas, Juraj,  |d 1955-2021.  |t Chiaroscuro 
700 1 2 |i Obsahuje (dílo):  |a Bodorová, Sylvie,  |d 1954-  |t Vallja e malit 
710 2 |a Trio Clavio  |7 olak2018997927  |4 itr 
910 |a BOA001  |b CDR-1411.730 
990 |a AV 
991 |b 201810 
996 6 |b 2610753676  |c CDR-1411.730  |l MZK  |r Sklad / do 24 hodin  |n 0  |p p.v.  |w 001681984  |u 000010  |a 1  |e BOA001  |j MZK50  |s P